[Event "Mittelfrank Regionalliga Sud-West 2223"]
[Site "Mittelfranken"]
[Date "2023.04.23"]
[Round "9.2"]
[White "Kaya, Yekta Onur"]
[Black "Stiller, Patrick"]
[Result "0-1"]
[WhiteElo "2043"]
[BlackElo "2138"]
[PlyCount "90"]
[EventDate "2022.10.09"]
[EventType "team-tourn"]
[EventRounds "9"]
[EventCountry "GER"]
[SourceTitle "EXT 2024"]
[Source "ChessBase"]
[SourceDate "2023.10.10"]
[SourceVersion "1"]
[SourceVersionDate "2023.10.10"]
[SourceQuality "1"]
[WhiteTeam "Bayern Muenchen IV"]
[BlackTeam "Marktoberdorf"]
[WhiteTeamCountry "GER"]
[BlackTeamCountry "GER"]

1. d4 Nf6 2. Nf3 g6 3. g3 Bg7 4. Bg2 d5 5. c4 0-0 6. cxd5 Nxd5 7. 0-0 Nb6 8. Nc3 Nc6 9. e3 e5 10. Nxe5 Nxe5 11. dxe5 Bxe5 12. Qc2 c6 13. e4 Qe7 14. f4 Bg7 15. a4 Be6 16. a5 Nd7 17. Be3 Rfd8 18. a6 b6 19. Ne2 Qb4 20. e5 Nc5 21. Qc3 Qxc3 22. Nxc3 Nb3 23. Ra3 Bf8 24. Ra4 b5 25. Ra2 Nd2 26. Raa1 Nxf1 27. Rxf1 b4 28. Ne4 Be7 29. Nc5 Bd5 30. Nb7 Bxg2 31. Kxg2 Rd3 32. Kf3 Rb3 33. Rf2 Rd3 34. Ke4 Rd1 35. Rc2 Rb1 36. Bd4 c5 37. Bxc5 Rc8 38. Nd6 Rc6 39. Kd5 Rxa6 40. Bxb4 Rd1+ 41. Ke4 Ra4 42. Rc4 Rxd6 43. exd6 Bxd6 44. Kd5 Rxb4 45. b3 Bf8 0-1

[Event "Mittelfrank Regionalliga Sud-West 2223"]
[Site "Mittelfranken"]
[Date "2023.03.19"]
[Round "8.3"]
[White "Kaya, Yekta Onur"]
[Black "Kraemer, Stefan"]
[Result "1-0"]
[WhiteElo "2043"]
[BlackElo "2080"]
[PlyCount "35"]
[EventDate "2022.10.09"]
[EventType "team-tourn"]
[EventRounds "9"]
[EventCountry "GER"]
[SourceTitle "EXT 2024"]
[Source "ChessBase"]
[SourceDate "2023.10.10"]
[SourceVersion "1"]
[SourceVersionDate "2023.10.10"]
[SourceQuality "1"]
[WhiteTeam "Bayern Muenchen IV"]
[BlackTeam "Altstadt Roter Turm"]
[WhiteTeamCountry "GER"]
[BlackTeamCountry "GER"]

1. d4 Nf6 2. Nf3 g6 3. g3 Bg7 4. Bg2 0-0 5. 0-0 d6 6. c3 Na6 7. Re1 c5 8. e4 Qc7 9. e5 dxe5 10. dxe5 Rd8 11. Qa4 Ng4 12. Bf4 Bd7 13. Qc4 Be6 14. Qe2 Qd7 15. Ng5 Bf5 16. Na3 Bd3 17. e6 Bxe2 18. exd7 1-0